[Event "Ramat Gan op"]
[Site "Ramat Gan"]
[Date "2023.03.20"]
[Round "7"]
[White "Gershkowich, David"]
[Black "Noy, Eyal"]
[Result "1-0"]
[WhiteElo "2188"]
[BlackElo "2117"]
[PlyCount "93"]
[EventDate "2023.01.16"]
[EventType "swiss"]
[EventRounds "7"]
[EventCountry "ISR"]
[SourceTitle "CBM 213 Extra"]
[Source "ChessBase"]
[SourceDate "2023.05.31"]
[SourceVersion "1"]
[SourceVersionDate "2023.05.31"]
[SourceQuality "1"]

1. e4 c5 2. Nc3 Nc6 3. Nge2 Nf6 4. d4 cxd4 5. Nxd4 e5 6. Ndb5 d6 7. a4 a6 8. Na3 h6 9. Be2 Be7 10. 0-0 0-0 11. Be3 Be6 12. Nc4 Nb4 13. Nb6 Rb8 14. Bf3 Nd7 15. Ncd5 Nxd5 16. Nxd5 Bg5 17. Bxg5 Qxg5 18. Ra3 Rfd8 19. Nc7 Qe7 20. Nxe6 fxe6 21. Re1 Nf6 22. Rd3 Rbc8 23. c3 Rc5 24. Qe2 Re8 25. Qd2 Rd8 26. g3 d5 27. exd5 Qd6 28. Qe2 e4 29. Bxe4 exd5 30. Bf5 Re8 31. Re3 Rxe3 32. Qxe3 Kf8 33. Qf3 Rc7 34. Re6 Qd8 35. Bg6 Rc8 36. Qf5 Kg8 37. Re8+ Qxe8 38. Bxe8 Rxe8 39. Kf1 Kf7 40. h3 Re7 41. Qf4 Ke6 42. Qb8 Ne4 43. Qc8+ Kd6 44. Kg2 Nf6 45. g4 Nd7 46. Qxb7 Re4 47. Qxa6+ 1-0

[Event "EU-ch 22nd"]
[Site "Terme Catez"]
[Date "2022.04.02"]
[Round "7"]
[White "Pasti, Aron"]
[Black "Gershkowich, David"]
[Result "1-0"]
[WhiteElo "2398"]
[BlackElo "2233"]
[PlyCount "61"]
[EventDate "2022.03.27"]
[EventType "swiss"]
[EventRounds "11"]
[EventCountry "SLO"]
[SourceTitle "CBM 208"]
[Source "ChessBase"]
[SourceDate "2022.06.30"]
[SourceVersion "1"]
[SourceVersionDate "2022.06.30"]
[SourceQuality "1"]

1. e4 c5 2. Nf3 d6 3. d4 cxd4 4. Nxd4 Nf6 5. Nc3 Bd7 6. Bg5 Qb6 7. Qd2 Nc6 8. Ndb5 Qa5 9. Na3 Rb8 10. Nc4 Qd8 11. a4 h6 12. Bxf6 gxf6 13. f4 h5 14. Nd5 f5 15. Qc3 Rh6 16. exf5 Bxf5 17. 0-0-0 Rg6 18. Nde3 Bg7 19. Qe1 Be4 20. f5 Rh6 21. Nd2 Qb6 22. Nec4 Bxb2+ 23. Nxb2 Bxf5 24. Ndc4 Qc7 25. Bd3 Bg4 26. Qd2 Re6 27. Rdf1 d5 28. Ne3 Qd6 29. Kb1 Qa3 30. Nxd5 Rd6 31. Nc4 1-0

[Event "EU-ch 22nd"]
[Site "Terme Catez"]
[Date "2022.03.27"]
[Round "1"]
[White "Dragnev, Valentin"]
[Black "Gershkowich, David"]
[Result "1-0"]
[WhiteElo "2546"]
[BlackElo "2233"]
[PlyCount "71"]
[EventDate "2022.03.27"]
[EventType "swiss"]
[EventRounds "11"]
[EventCountry "SLO"]
[SourceTitle "CBM 208"]
[Source "ChessBase"]
[SourceDate "2022.06.30"]
[SourceVersion "1"]
[SourceVersionDate "2022.06.30"]
[SourceQuality "1"]

1. e4 e5 2. Nf3 Nc6 3. Bb5 g6 4. c3 a6 5. Bxc6 dxc6 6. d4 exd4 7. cxd4 Bg7 8. Bf4 Nf6 9. 0-0 0-0 10. Nbd2 Bg4 11. Qb3 Rb8 12. Rfe1 Be6 13. Qc2 Nh5 14. Be3 h6 15. Nb3 Kh8 16. Nc5 Bc8 17. Ne5 Qe8 18. Rad1 b6 19. Nb3 c5 20. Nc4 cxd4 21. Bxd4 Be6 22. Ne3 c5 23. Bxg7+ Kxg7 24. Nd5 Qd8 25. Qc3+ Nf6 26. Nf4 Qe7 27. e5 Ne8 28. Nd2 Nc7 29. Ne4 Rbd8 30. Qg3 Rxd1 31. Rxd1 Rd8 32. Rd6 Bf5 33. Nh5+ Kf8 34. Qf4 Rxd6 35. exd6 Qxe4 36. Qxh6+ 1-0

[Event "Ramat Gan Talent-Experience"]
[Site "Ramat Gan"]
[Date "2020.08.26"]
[Round "2.6"]
[White "Gershkowich, David"]
[Black "Katkov, Michelle"]
[Result "1-0"]
[WhiteElo "2228"]
[BlackElo "2144"]
[PlyCount "69"]
[EventDate "2020.08.24"]
[EventType "schev"]
[EventRounds "6"]
[EventCountry "ISR"]
[SourceTitle "CBM 198 Extra"]
[Source "ChessBase"]
[SourceDate "2020.11.30"]
[SourceVersion "1"]
[SourceVersionDate "2020.11.30"]
[SourceQuality "1"]
[WhiteTeam "Experience"]
[BlackTeam "Talent"]
[WhiteTeamCountry "ISR"]
[BlackTeamCountry "ISR"]

1. e4 e5 2. Nf3 Nc6 3. Bb5 a6 4. Ba4 Nf6 5. 0-0 Nxe4 6. d4 b5 7. Bb3 d5 8. dxe5 Be6 9. c3 Bc5 10. Qd3 0-0 11. Be3 Bxe3 12. Qxe3 Na5 13. Bc2 Nc4 14. Qe2 Nxb2 15. Nd4 Nc4 16. f3 Nc5 17. f4 Qh4 18. Nd2 Bd7 19. Nxc4 dxc4 20. Qe3 Nd3 21. Bxd3 cxd3 22. Rad1 c5 23. Nf3 Qe7 24. Rxd3 Be6 25. Rfd1 Rfd8 26. Rd6 Qc7 27. Ng5 Bf5 28. h3 h6 29. Nf3 Be6 30. Kh2 Re8 31. R1d2 Bxa2 32. f5 Bb1 33. Rd7 Qa5 34. e6 fxe6 35. Qe5 1-0

[Event "ISR-chT"]
[Site "Israel"]
[Date "2019.02.23"]
[Round "8.5"]
[White "Gershkowich, David"]
[Black "Gorshtein, Ido"]
[Result "1-0"]
[WhiteElo "2200"]
[BlackElo "2382"]
[PlyCount "59"]
[EventDate "2019.01.04"]
[EventType "team-tourn"]
[EventRounds "11"]
[EventCountry "ISR"]
[SourceTitle "CBM 189 Extra"]
[Source "ChessBase"]
[SourceDate "2019.06.03"]
[SourceVersion "1"]
[SourceVersionDate "2019.06.03"]
[SourceQuality "1"]
[WhiteTeam "Tel Aviv Har Tsvi"]
[BlackTeam "Kfar Saba"]
[WhiteTeamCountry "ISR"]
[BlackTeamCountry "ISR"]

1. e4 c6 2. d4 d5 3. f3 Qb6 4. Nc3 dxe4 5. fxe4 e5 6. dxe5 Be6 7. Bd2 Nd7 8. Nf3 0-0-0 9. Bd3 Ne7 10. Na4 Qc7 11. 0-0 Nxe5 12. Nxe5 Qxe5 13. Be3 Ng6 14. Qe2 Bd6 15. g3 h5 16. Qf2 h4 17. g4 h3 18. Bxa7 Rh4 19. Bd4 Qg5 20. Kh1 Rxg4 21. Rg1 Rg2 22. Rxg2 hxg2+ 23. Qxg2 Qe7 24. Bg1 Nh4 25. Qxg7 Nf3 26. Bf2 b5 27. Qc3 Qc7 28. Bb6 Qb7 29. Bxd8 Be5 30. Qa5 1-0

[Event "ISR-chT"]
[Site "Israel"]
[Date "2019.02.22"]
[Round "7.4"]
[White "Mesropov, Konstantin Eduard"]
[Black "Gershkowich, David"]
[Result "1-0"]
[WhiteElo "2431"]
[BlackElo "2200"]
[PlyCount "69"]
[EventDate "2019.01.04"]
[EventType "team-tourn"]
[EventRounds "11"]
[EventCountry "ISR"]
[SourceTitle "CBM 189 Extra"]
[Source "ChessBase"]
[SourceDate "2019.06.03"]
[SourceVersion "1"]
[SourceVersionDate "2019.06.03"]
[SourceQuality "1"]
[WhiteTeam "Petah Tikva Elitzur Dov"]
[BlackTeam "Tel Aviv Har Tsvi"]
[WhiteTeamCountry "ISR"]
[BlackTeamCountry "ISR"]

1. c4 e5 2. Nc3 Nf6 3. g3 Bb4 4. Bg2 0-0 5. e4 c6 6. Nge2 b5 7. cxb5 cxb5 8. 0-0 Bb7 9. d4 exd4 10. Nd5 Nc6 11. Nxb4 Nxb4 12. a3 Nc6 13. Nxd4 Nxd4 14. Qxd4 d5 15. e5 Ne4 16. f3 Ng5 17. Bxg5 Qxg5 18. f4 Qg4 19. Rac1 Rfc8 20. Bf3 Qd7 21. Rxc8+ Rxc8 22. Qxa7 h5 23. f5 Rc2 24. e6 Qe7 25. exf7+ Qxf7 26. Qd4 Rc4 27. Qe5 h4 28. b3 Rc2 29. gxh4 Kh7 30. Rf2 Rc1+ 31. Kg2 d4 32. Qxd4 Qxf5 33. Bxb7 Qg6+ 34. Kh3 Qe6+ 35. Qg4 1-0

[Event "ISR-chT"]
[Site "Israel"]
[Date "2019.02.08"]
[Round "3.6"]
[White "Judkovsky, Yair"]
[Black "Gershkowich, David"]
[Result "1/2-1/2"]
[WhiteElo "2298"]
[BlackElo "2200"]
[PlyCount "40"]
[EventDate "2019.01.04"]
[EventType "team-tourn"]
[EventRounds "11"]
[EventCountry "ISR"]
[SourceTitle "CBM 188 Extra"]
[Source "ChessBase"]
[SourceDate "2019.02.26"]
[SourceVersion "1"]
[SourceVersionDate "2019.02.26"]
[SourceQuality "1"]
[WhiteTeam "Kfar Saba Hapoel II"]
[BlackTeam "Tel Aviv Har Tsvi"]
[WhiteTeamCountry "ISR"]
[BlackTeamCountry "ISR"]

1. e4 c5 2. Nf3 d6 3. d4 cxd4 4. Nxd4 Nf6 5. Nc3 g6 6. Be2 Bg7 7. 0-0 0-0 8. Re1 a6 9. a4 Nc6 10. Nb3 Rb8 11. Bf1 b6 12. Nd5 e6 13. Nxf6+ Bxf6 14. c3 e5 15. Nd2 b5 16. axb5 axb5 17. b4 Be6 18. Nb3 Qc7 19. Be3 Bg7 20. Ra3 Rfd8 1/2-1/2

[Event "ISR-chT"]
[Site "Israel"]
[Date "2019.01.04"]
[Round "1.5"]
[White "Klenburg, Mikhail"]
[Black "Gershkowich, David"]
[Result "1/2-1/2"]
[WhiteElo "2361"]
[BlackElo "2200"]
[PlyCount "114"]
[EventDate "2019.01.04"]
[EventType "team-tourn"]
[EventRounds "11"]
[EventCountry "ISR"]
[SourceTitle "CBM 188 Extra"]
[Source "ChessBase"]
[SourceDate "2019.02.26"]
[SourceVersion "1"]
[SourceVersionDate "2019.02.26"]
[SourceQuality "1"]
[WhiteTeam "Beer Sheva Yud Alef"]
[BlackTeam "Tel Aviv Har Tsvi"]
[WhiteTeamCountry "ISR"]
[BlackTeamCountry "ISR"]

1. g3 d5 2. Bg2 Nc6 3. d3 Nf6 4. Nf3 e5 5. c3 Bd6 6. 0-0 0-0 7. Qc2 h6 8. Nbd2 Bf5 9. e4 Bh7 10. b4 a5 11. b5 Ne7 12. c4 dxe4 13. Nxe4 Nxe4 14. dxe4 b6 15. Bb2 Ng6 16. Ne1 Qe7 17. a4 Rfe8 18. Nd3 Nf8 19. c5 bxc5 20. Rfc1 Nd7 21. Ba3 Rad8 22. Nb2 Qf6 23. Nc4 Nb6 24. Bb2 Ra8 25. Qc3 Qe6 26. Ne3 c6 27. bxc6 Qc8 28. Nf5 Bf8 29. f4 Qxc6 30. Qc2 f6 31. fxe5 fxe5 32. Bf1 Qc7 33. Bb5 Red8 34. Qc3 Bxf5 35. exf5 Bd6 36. Qf3 Rac8 37. Bc3 Nd7 38. Ra2 Nf6 39. Rac2 Qa7 40. Bc4+ Kh8 41. g4 Qc7 42. Qh3 Nh7 43. Qe3 Re8 44. Rd1 Bf8 45. Rcd2 Rcd8 46. Bb5 c4 47. Kg2 Rxd2+ 48. Rxd2 Bc5 49. Qe4 Nf6 50. Qf3 e4 51. Qe2 Re7 52. Bxf6 gxf6 53. Bxc4 e3 54. Rd1 Re4 55. Bb5 Rf4 56. Rf1 Qb7+ 57. Kh3 Rxf1 1/2-1/2

[Event "ISR-ch"]
[Site "Maalot Tarshiha"]
[Date "2018.12.14"]
[Round "3"]
[White "Gershkowich, David"]
[Black "Kobo, Ori"]
[Result "0-1"]
[WhiteElo "2193"]
[BlackElo "2494"]
[PlyCount "114"]
[EventDate "2018.12.12"]
[EventType "swiss"]
[EventRounds "9"]
[EventCountry "ISR"]
[SourceTitle "CBM 187 Extra"]
[Source "ChessBase"]
[SourceDate "2018.11.04"]
[SourceVersion "1"]
[SourceVersionDate "2018.11.04"]
[SourceQuality "1"]

1. e4 g6 2. Nf3 Bg7 3. d4 d6 4. Bd3 Nf6 5. c3 0-0 6. 0-0 Nbd7 7. Re1 e5 8. a4 a5 9. Na3 b6 10. Bg5 h6 11. Bd2 Bb7 12. d5 c6 13. c4 Nc5 14. Bc2 Qc7 15. Nb1 Ba6 16. Na3 Rfb8 17. Bc3 Bc8 18. Nb1 Nh5 19. Ra3 Nf4 20. Nbd2 cxd5 21. cxd5 Ba6 22. Nf1 Rc8 23. Re3 Qd7 24. Ne1 h5 25. Bd2 Bh6 26. b4 axb4 27. Bxb4 Ra7 28. Nd2 Rac7 29. Ra1 Nb7 30. h3 Kh8 31. Kh2 h4 32. Rb1 Qd8 33. Bb3 Na5 34. Ba2 Qf6 35. Ndf3 Bf1 36. Bd2 Nc4 37. Bxc4 Rxc4 38. Rxb6 Kg7 39. Rb4 Rxb4 40. Bxb4 Rc4 41. Bd2 Qe7 42. Kg1 Bxg2 43. Nxg2 Nxh3+ 44. Kf1 Bxe3 45. Bxe3 Rxe4 46. Qc2 Rb4 47. Bd2 Rg4 48. Qb3 Qa7 49. Be3 Qa6+ 50. Qb5 Qxa4 51. Qxa4 Rxa4 52. Bd2 g5 53. Ne3 Kg6 54. Kg2 Nf4+ 55. Kh2 f6 56. Be1 e4 57. Ng1 Nd3 0-1

[Event "Jerusalem Japhet Memorial op 2nd"]
[Site "Jerusalem"]
[Date "2014.07.16"]
[Round "1"]
[White "Alexikov, Alexander"]
[Black "Gershkowich, David"]
[Result "1-0"]
[WhiteElo "2380"]
[BlackElo "2146"]
[PlyCount "81"]
[EventDate "2014.07.16"]
[EventType "swiss"]
[EventRounds "9"]
[EventCountry "ISR"]
[SourceTitle "CBM 161 Extra"]
[Source "ChessBase"]
[SourceDate "2014.08.29"]
[SourceVersion "1"]
[SourceVersionDate "2014.08.29"]
[SourceQuality "1"]

1. e4 c5 2. Nf3 d6 3. d4 cxd4 4. Nxd4 Nf6 5. Nc3 g6 6. Be3 Bg7 7. f3 Nc6 8. Qd2 0-0 9. 0-0-0 d5 10. exd5 Nxd5 11. Nxc6 bxc6 12. Bd4 e5 13. Bc5 Be6 14. Ne4 Re8 15. h4 Rb8 16. Bc4 h6 17. Bxa7 Ra8 18. Bf2 Qb8 19. c3 Ne3 20. Bxe6 Nxd1 21. Bxf7+ Kxf7 22. Rxd1 Kg8 23. Qd3 Kh8 24. Kb1 Qc7 25. Qc4 Red8 26. Rxd8+ Qxd8 27. a3 Qd1+ 28. Ka2 Rb8 29. Ba7 Rb5 30. Nc5 Qc2 31. Nd3 Qe2 32. Qe4 Qc2 33. Nb4 Qa4 34. Be3 c5 35. b3 Qa5 36. Nd5 c4 37. bxc4 Rb8 38. Nb4 Qa4 39. Bxh6 Ra8 40. Bc1 Qd1 41. Qxa8+ 1-0

[Event "Jerusalem Japhet Memorial op"]
[Site "Jerusalem"]
[Date "2013.08.06"]
[Round "2"]
[White "Gorodetzky, David"]
[Black "Gershkowich, David"]
[Result "0-1"]
[WhiteElo "1930"]
[BlackElo "2202"]
[PlyCount "124"]
[EventDate "2013.08.04"]
[EventType "swiss"]
[EventRounds "5"]
[EventCountry "ISR"]
[SourceTitle "EXT 2019"]
[Source "ChessBase"]
[SourceDate "2018.10.10"]
[SourceVersion "1"]
[SourceVersionDate "2018.10.10"]
[SourceQuality "1"]

1. e4 c5 2. c3 e6 3. d4 d5 4. exd5 exd5 5. Nf3 Nc6 6. Be3 c4 7. b3 cxb3 8. axb3 Bd6 9. Bd3 Nge7 10. Qc2 h6 11. Ng1 0-0 12. Ne2 f5 13. f4 Bd7 14. Nd2 Rc8 15. Qd1 Ng6 16. Nf3 Nh4 17. 0-0 Nxf3+ 18. Rxf3 a6 19. Bc2 Be8 20. Rh3 Qc7 21. Bd2 Bd7 22. Rf3 Be8 23. Rh3 Bd7 24. Qf1 Rce8 25. Qf3 Kh8 26. Ra2 Re4 27. Rh4 Ne7 28. Bxe4 fxe4 29. Qf2 Nf5 30. Rh3 Ne7 31. Rh4 Kh7 32. Qe1 Nf5 33. Rh3 Ne7 34. Rh4 Qb6 35. b4 Qc6 36. Ra1 Ng6 37. Rh5 Bg4 38. Re5 Qc4 39. f5 Nxe5 40. dxe5 Bxe5 41. Ng3 Qd3 42. Nf1 Bxf5 43. Ne3 Be6 44. Rd1 Kg8 45. h3 Qb5 46. Nc2 Qd3 47. Nd4 Bg3 48. Qe2 Bf2+ 49. Kh1 Qxe2 50. Nxe2 Bd7 51. Be1 e3 52. Nd4 Bb5 53. Nc2 Ba4 54. c4 dxc4 55. Bc3 Bxc2 56. Rd7 Rf7 57. Rd8+ Kh7 58. Kh2 h5 59. g3 Rf3 60. Re8 Rxg3 61. h4 Rg4 62. b5 Be4 0-1

[Event "Petah Tikva-B"]
[Site "Petah Tikva"]
[Date "2010.12.08"]
[Round "5"]
[White "Gershkowich, David"]
[Black "Nedobora, Mikhail"]
[Result "0-1"]
[WhiteElo "2318"]
[BlackElo "2384"]
[PlyCount "100"]
[EventDate "2010.12.02"]
[EventType "tourn"]
[EventRounds "9"]
[EventCountry "ISR"]
[EventCategory "3"]
[SourceTitle "CBM 140 Extra"]
[Source "ChessBase"]
[SourceDate "2011.03.01"]
[SourceVersion "1"]
[SourceVersionDate "2011.03.01"]
[SourceQuality "1"]

1. e4 d6 2. d4 Nf6 3. Bd3 e5 4. c3 Nc6 5. d5 Ne7 6. c4 g6 7. Ne2 Bg7 8. Nbc3 0-0 9. f3 c6 10. Be3 Ne8 11. Qd2 f5 12. 0-0-0 cxd5 13. cxd5 Nf6 14. h3 a6 15. g4 f4 16. Bf2 b5 17. Kb1 Bd7 18. Rdg1 Nc8 19. h4 Nb6 20. h5 g5 21. h6 Bh8 22. Nd1 Be8 23. Be1 Nfd7 24. Nf2 Nc5 25. Nc1 a5 26. Bf1 Nc4 27. Bxc4 bxc4 28. Qc2 Bb5 29. Ne2 Qd7 30. Nc3 Ba6 31. Rh5 Bf6 32. Nh3 Qd8 33. Na4 Nd3 34. Nf2 Nb4 35. Qd1 Rb8 36. Rg2 Rf7 37. a3 Nd3 38. Nxd3 cxd3 39. Qd2 Bb5 40. Nc3 Bc4 41. Nd1 Ra7 42. Nf2 Qb6 43. Nxd3 Qb3 44. Nc1 Qxf3 45. Qc2 Rc7 46. Bc3 Bf1 47. Rf2 Qxc3 48. Qxc3 Rxc3 49. Rxf1 Re3 50. Na2 Rxe4 0-1